000 00776nam a22001937a 4500
005 20180511151737.0
010 _a1718EN-30 B-681874-880
020 _a9789386473004
_c695.00
035 _aB-681874-880
037 _bPragati
_adpl
082 _a321.8
100 _aKashyap, Subhash C.
245 _aDemocracy and good governance :
_cby Subhash C. Kashyap
_bsome guidelines for today's parliamentarians /
260 _aNew Delhi
_bVitastaa Pub.
_c2017
270 _a2/15, Ansari Road, Daryaganj,
_bNew Delhi
_e110002
300 _a420p.
_c23cm(Hb)
942 _2ddc
_cEN
_mKAS
_h321.8
999 _c145320
_d145320